000 00453ngm a2200157 i 4500
001 bg
003 KOSZ 005
005 20160805135748.0
008 s pl f |000 0 pol
040 _cBPK
041 _apol
245 0 0 _aKamień czy skała : wszystko trzeba chronić.
260 _aKoszalin :
_b[s.n.],
_c1999.
856 _uhttp://koha.tu.koszalin.pl/cgi-bin/koha/opac-detail.pl?biblionumber=49245
_yKatalog online BPK
942 _cTW
_2UKD
999 _c49245
_d49245